<?xml version="1.0" encoding="UTF-8"?>
<record
    xmlns:xsi="http://www.w3.org/2001/XMLSchema-instance"
    xsi:schemaLocation="http://www.loc.gov/MARC21/slim http://www.loc.gov/standards/marcxml/schema/MARC21slim.xsd"
    xmlns="http://www.loc.gov/MARC21/slim">

  <leader>00961nam a22001937a 4500</leader>
  <controlfield tag="005">20250822111446.0</controlfield>
  <datafield tag="010" ind1=" " ind2=" ">
    <subfield code="a">HIN-130278</subfield>
  </datafield>
  <datafield tag="020" ind1=" " ind2=" ">
    <subfield code="a">9789394493964</subfield>
    <subfield code="c">200.00</subfield>
  </datafield>
  <datafield tag="035" ind1=" " ind2=" ">
    <subfield code="a">HN-102624</subfield>
  </datafield>
  <datafield tag="037" ind1=" " ind2=" ">
    <subfield code="b">&#x92D;&#x935;&#x94D;&#x92F;&#x93E; &#x92A;&#x92C;&#x94D;&#x932;&#x93F;&#x915;&#x947;&#x936;&#x928; </subfield>
  </datafield>
  <datafield tag="082" ind1=" " ind2=" ">
    <subfield code="a">181.492</subfield>
  </datafield>
  <datafield tag="100" ind1=" " ind2=" ">
    <subfield code="a">&#x91C;&#x948;&#x928;, &#x936;&#x94D;&#x930;&#x940;&#x915;&#x93E;&#x902;&#x924; </subfield>
    <subfield code="9">84232</subfield>
  </datafield>
  <datafield tag="245" ind1=" " ind2=" ">
    <subfield code="a">&#x905;&#x939;&#x93F;&#x902;&#x938;&#x93E; &#x939;&#x940; &#x935;&#x93F;&#x936;&#x94D;&#x935;&#x927;&#x930;&#x94D;&#x92E; &#x939;&#x948;/</subfield>
    <subfield code="c">&#x936;&#x94D;&#x930;&#x940;&#x915;&#x93E;&#x902;&#x924; &#x91C;&#x948;&#x928;</subfield>
  </datafield>
  <datafield tag="250" ind1=" " ind2=" ">
    <subfield code="a">&#x926;&#x94D;&#x935;&#x93F;&#x924;&#x940;&#x92F;</subfield>
  </datafield>
  <datafield tag="260" ind1=" " ind2=" ">
    <subfield code="a">&#x92D;&#x94B;&#x92A;&#x93E;&#x932;, &#x92E;&#x927;&#x94D;&#x92F;&#x92A;&#x94D;&#x930;&#x926;&#x947;&#x936; </subfield>
    <subfield code="b">&#x92D;&#x935;&#x94D;&#x92F;&#x93E; &#x92A;&#x92C;&#x94D;&#x932;&#x93F;&#x915;&#x947;&#x936;&#x928; </subfield>
    <subfield code="c">2024</subfield>
  </datafield>
  <datafield tag="270" ind1=" " ind2=" ">
    <subfield code="a">&#x90F;&#x932;. &#x91C;&#x940;. 42, &#x932;&#x94B;&#x905;&#x930; &#x917;&#x94D;&#x930;&#x93E;&#x909;&#x902;&#x921;, &#x915;&#x930;&#x924;&#x93E;&#x930; &#x906;&#x930;&#x94D;&#x915;&#x947;&#x921; &#x930;&#x93E;&#x92F;&#x938;&#x947;&#x928; &#x930;&#x94B;&#x921; </subfield>
    <subfield code="b">&#x92D;&#x94B;&#x92A;&#x93E;&#x932;</subfield>
    <subfield code="e">462023</subfield>
    <subfield code="k">07554927636</subfield>
    <subfield code="k">7974514033</subfield>
    <subfield code="m">bhavyapublication.bpl31@gmail.com</subfield>
  </datafield>
  <datafield tag="300" ind1=" " ind2=" ">
    <subfield code="a">224&#x92A;&#x943;  </subfield>
    <subfield code="c">21&#x938;&#x947;&#x92E;&#x940; (&#x905;&#x91C;&#x93F;&#x932;&#x94D;&#x926;)</subfield>
  </datafield>
  <datafield tag="942" ind1=" " ind2=" ">
    <subfield code="a">DBAD</subfield>
    <subfield code="c">HN</subfield>
    <subfield code="2">ddc</subfield>
    <subfield code="h">181.492</subfield>
    <subfield code="m">&#x91C;&#x948;&#x928;&#x936;&#x94D;&#x930;&#x940;</subfield>
  </datafield>
  <datafield tag="999" ind1=" " ind2=" ">
    <subfield code="c">213092</subfield>
    <subfield code="d">213092</subfield>
  </datafield>
  <datafield tag="952" ind1=" " ind2=" ">
    <subfield code="0">0</subfield>
    <subfield code="1">0</subfield>
    <subfield code="4">0</subfield>
    <subfield code="7">0</subfield>
    <subfield code="8">NFIC</subfield>
    <subfield code="a">ZLS</subfield>
    <subfield code="b">ZLS</subfield>
    <subfield code="d">2025-08-22</subfield>
    <subfield code="e">DBAD</subfield>
    <subfield code="g">200.00</subfield>
    <subfield code="l">0</subfield>
    <subfield code="o">181.492 &#x91C;&#x948;&#x928;&#x936;&#x94D;&#x930;&#x940;</subfield>
    <subfield code="p">HN-102624</subfield>
    <subfield code="r">2025-08-22 00:00:00</subfield>
    <subfield code="t">1</subfield>
    <subfield code="v">200.00</subfield>
    <subfield code="w">2025-08-22</subfield>
    <subfield code="y">HN</subfield>
  </datafield>
</record>
